Cẩm nang hàn

Sách cung cấp kiến thức về kỹ thuật hàn kim loại trong công nghiệp như bản vẽ kỹ thuật hàn, vật liệu hàn, thiết bị và công nghệ hàn, ứng suất và biến dạng hàn, kiểm tra chất lượng hàn và kỹ thuật an toàn trong hàn...

Popoln opis

Shranjeno v:
Bibliografske podrobnosti
Glavni avtor: Hoàng Tùng [et al.]
Format: Knjiga
Jezik:Undetermined
Izdano: Hà Nội KHKT 1998
Teme:
Oznake: Označite
Brez oznak, prvi označite!
Thư viện lưu trữ: Trung tâm Học liệu Trường Đại học Cần Thơ
LEADER 00788nam a2200181Ia 4500
001 CTU_22243
008 210402s9999 xx 000 0 und d
082 |a 671.52 
082 |b C120 
100 |a Hoàng Tùng [et al.] 
245 0 |a Cẩm nang hàn 
245 0 |c Hoàng Tùng [et al.] 
260 |a Hà Nội 
260 |b KHKT 
260 |c 1998 
520 |a Sách cung cấp kiến thức về kỹ thuật hàn kim loại trong công nghiệp như bản vẽ kỹ thuật hàn, vật liệu hàn, thiết bị và công nghệ hàn, ứng suất và biến dạng hàn, kiểm tra chất lượng hàn và kỹ thuật an toàn trong hàn 
650 |a welding 
980 |a Trung tâm Học liệu Trường Đại học Cần Thơ